Kings of Israel and Judah In Biblical Times - Statistics

General Stats
  • This quiz has been taken 927 times
    920 since last reset
  • The average score is 16 of 40
Answer Stats
Land Answer % Correct
Both David
99%
Both Solomon
96%
Both Saul
92%
Israel Ahab
61%
Israel Jeroboam I
60%
Israel Jeroboam II
60%
Judah Rehoboam
59%
Judah Hezekiah
56%
Judah Josiah
52%
Judah Ahaz
46%
Judah Asa
46%
Last Judah King Zedekiah
46%
Israel Omri
42%
Israel Jehu
41%
Judah Jehoshaphat
40%
Judah Manasseh
40%
Judah Joash
37%
Judah Jehoiakim
33%
Israel Zimri
33%
Israel Ahaziah I
32%
Judah Ahaziah II
32%
Judah Abijah
30%
Judah Jehoiachin
30%
Judah Jehoram
30%
Judah Amon
29%
Israel Pekah
29%
Israel Baasha
28%
Last Israel King Hoshea
27%
Israel Jehoash
27%
Israel Jehoahaz
25%
Judah Jehoahaz
25%
Judah Amaziah
24%
Judah Azariah
24%
Judah Jotham
23%
Israel Nadab
22%
Israel Zechariah
22%
Israel Elah
21%
Israel Pekahiah
20%
Israel Menahem
19%
Israel Shallum
19%
No matching quizzes found
Score Distribution
Percent of People with Each Score
Percentile by Number Answered
Your Score History
You have not taken this quiz since the last reset